Marvel or DC Sudden Death - Statistiken

Allgemein
  • Dieses Quiz wurde 2.152 mal gespielt
  • Das Durchschnittsergebnis liegt bei 15 aus 21
Answers on the Grid
Answers color-coded by a green-red scale on the quiz's grid according to % correct below.
Batman
Iron Man
Hulk
Captain Amerika
Flash
Quicksilver
Wonder Woman
Shazam
Hawkeye
War Machine
Spiderman
Supergirl
Black Panther
Lex Luther
Winter Soldier
Aquaman
Ant Man
Alfred Pennyworth
Superman
Dr. Strange
Green Arrow
Joker
Falcon
Green Lantern
Thanos
Harley Quinn
Red Skull
Deadshot
Vision
Nick Fury
Robin
Nightwing
Black Widow
Batgirl
Deadpool
Thor
Daredevil
Catwoman
Cyborg
Loki
 
Antwortstatistiken
Antwort % Korrekt
Iron Man
98%
Hulk
94%
Captain Amerika
93%
Black Panther
79%
Spiderman
79%
Hawkeye
78%
Ant Man
76%
Dr. Strange
73%
Winter Soldier
72%
Thanos
71%
Black Widow
69%
Loki
68%
Thor
68%
Falcon
66%
Nick Fury
66%
Quicksilver
65%
War Machine
65%
Vision
64%
Deadpool
63%
Red Skull
59%
Daredevil
53%
Keine übereinstimmenden Quizze gefunden
Verteilung der Resultate
Anzahl Personen mit jedem Resultat
Perzentil nach korrekt beantworteten Fragen
Ihre Resultats-Entwicklung
Sie haben dieses Quiz noch nicht gespielt